000 00789nas a2200253 4500
001 BR8200876
003 BR-BrBNA
005 20231205085030.0
007 ta
008 230509b bl.|||p| |||| 00| 00por d
040 _aBR-BrBNA
_bpor
_cBiblioteca Nacional de Agricultura
041 _a(En)
072 _aH20
100 1 _aAdisa, V.A.
100 1 _aFajola, A.O.
245 1 _aPost-harvest fruit rots of pineapple (Ananas comosus)in Nigeria [Abacaxi; Podridao mole; Podridao seca; Pos-colheita]
650 _aABACAXI
650 _aPODRIDAO MOLE
650 _aPODRIDAO SECA
650 _aPOS-COLHEITA
773 0 _tFitopatologia Brasileira (Brazil)
_xISSN 0100-4158
_g(Feb 1982), v. 7(1) p. 97-103
_wBR8200876
909 _a202311
_bLúcia
_c55
_dLúcia Elande
942 _2AGRIS
_n0
_cANA
999 _c108793
_d108793